Normal view
MARC view
- Moriarty S; Mitchell N D & Wells W D
Entry Personal Name
001 - CONTROL NUMBER
- control field: 117238
003 - CONTROL NUMBER IDENTIFIER
- control field: OSt
005 - DATE AND TIME OF LATEST TRANSACTION
- control field: 20230125045337.0
008 - FIXED-LENGTH DATA ELEMENTS
- fixed length control field: 230125|| aca||aabn | a|a d
040 ## - CATALOGING SOURCE
- Original cataloging agency: OSt
- Transcribing agency: OSt
100 ## - HEADING--PERSONAL NAME
- Personal name: Moriarty S; Mitchell N D & Wells W D
670 ## - SOURCE DATA FOUND
- Source citation: Work cat.: (OSt)94977: Moriarty S 117237, Advertising & Imc: Principles & Practice, 2016